=LDR 00000nam 2200000 4500 =001 NUTBA000000000004774 =005 20141001113554.0 =006 =007 =008 =035 ##$$a 0010-101400000000004 =082 ##$$a 372.7 =100 ##$$a drajat $t mtematika yang kumau vol. 4 =245 ##$$a matematika yang kumau vol. 2 =260 ##$$a Jakarta $b tinta emas $c 2008 =300 ##$$a 126 hlm $b ilus $c 25 cm =850 ##$$a NBPBMAT =990 ##$$a 94633/BPAP-NTB/2014 =990 ##$$a 0001/BPAP-NTB/20142014